Famiglia in gioco : relazioni di genere e generazioni in famiglia /

সংরক্ষণ করুন:
গ্রন্থ-পঞ্জীর বিবরন
প্রধান লেখক: Cianciotta, Angelo (লেখক)
বিন্যাস: গ্রন্থ
ভাষা:ইতালিয়
প্রকাশিত: Molfetta : La meridiana, [2009]
মালা:Partenze
ট্যাগগুলো: ট্যাগ যুক্ত করুন
কোনো ট্যাগ নেই, প্রথমজন হিসাবে ট্যাগ করুন!

MARC

LEADER 00000nam a22000007i 4500
001 IT\ICCU\MOD\1542313
003 ItRI
005 20260115232122.0
008 090429s2009 it |||||| ||||| |||||c
020 |a 9788861530782 
040 |b ita  |c importazione bologna sebina 
041 7 |a ita  |2 ISO-639-2 
100 1 |a Cianciotta, Angelo  |0 IT\ICCU\MODV\636188  |4 aut 
245 1 0 |a Famiglia in gioco :  |b relazioni di genere e generazioni in famiglia /  |c Angelo Cianciotta. 
260 |a Molfetta :  |b La meridiana,  |c [2009] 
300 |a 115 p. ;  |c 25 cm. 
830 0 |a Partenze  |0 IT\ICCU\RAV\0195452 
942 |2 ddc  |c BK  |n 0 
952 |0 0  |1 0  |4 0  |6 DOC_158_240000000000000_CIA  |7 0  |9 20376  |a BO  |b BO  |d 2026-01-15  |i 16785  |l 0  |o DOC 158.24 CIA  |p BO16785  |r 2026-01-15 23:21:22  |w 2026-01-15  |x [Sebina 5] [1 v.]  |y BK  |z 1 v. 
999 |c 17385  |d 17385